[Event "Lichtenberger Sommer 2017"]
[Site "Berlin"]
[Date "2017.08.24"]
[Round "6.98"]
[White "Gnaß, Erhard"]
[Black "Schröder, Justin"]
[Result "0-1"]
[WhiteElo "1466"]
[BlackElo "1647"]
[PlyCount "82"]
[EventDate "2017.??.??"]
[WhiteTeam "SK Zehlendorf"]
[BlackTeam "Leegebrucher SF"]

1. Nf3 d5 2. d4 Bf5 3. g3 e6 4. Bg2 c6 5. O-O Nd7 6. Nc3 h6 7. Bf4 g5 8. Bd2
Be7 9. Re1 g4 10. Ne5 Nxe5 11. dxe5 Qc7 12. Bf4 O-O-O 13. e3 h5 14. Ne2 h4 15.
c3 Rd7 16. Qa4 a6 17. Nd4 Qb6 18. Qb3 Qxb3 19. axb3 hxg3 20. Bxg3 Bh4 21. Rac1
Ne7 22. c4 Be4 23. cxd5 Bxd5 24. b4 Bxg2 25. Kxg2 Kb8 26. f4 gxf3+ 27. Nxf3
Bxg3 28. hxg3 Ng6 29. Rcd1 Rhd8 30. Rxd7 Rxd7 31. Rh1 Kc7 32. Rh5 Kb6 33. Kf2
Kb5 34. Ke2 Kxb4 35. Rg5 c5 36. Nd2 Kb5 37. Ne4 Kc6 38. Nf6 Rd8 39. Kf3 Rd2 40.
Ne4 Rxb2 41. Nd6 Nxe5+ 0-1

[Event "Lichtenberger Sommer 2017"]
[Site "Berlin"]
[Date "2017.08.24"]
[Round "6.99"]
[White "Fock, Sana"]
[Black "Stark, Steven"]
[Result "1-0"]
[WhiteElo "1584"]
[BlackElo "1474"]
[PlyCount "150"]
[EventDate "2017.??.??"]
[WhiteTeam "SC Zugzwang 95 (Berlin)"]
[BlackTeam "BSC Rehberge"]

1. e4 e5 2. Nc3 Nf6 3. g3 Be7 4. Bg2 O-O 5. Nge2 c6 6. d4 exd4 7. Nxd4 Bb4 8.
O-O d6 9. h3 h6 10. Kh2 Na6 11. Nce2 Bc5 12. c3 Bd7 13. f4 Nh7 14. Nb3 Bb6 15.
Qxd6 Be6 16. Qxd8 Rfxd8 17. Nd2 f6 18. f5 Bf7 19. Nf4 Nf8 20. b3 Be3 21. Nf3
Bb6 22. e5 fxe5 23. Nxe5 Nc7 24. Nxf7 Kxf7 25. Ba3 Rd2 26. Rfd1 Rad8 27. Rxd2
Rxd2 28. Bxf8 Kxf8 29. Ng6+ Kg8 30. Re1 Bc5 31. b4 Bd6 32. a3 Kf7 33. c4 c5 34.
bxc5 Bxc5 35. Ne5+ Kg8 36. Rb1 b6 37. Nc6 a5 38. h4 Ne8 39. Kh3 Nd6 40. Bd5+
Kf8 41. Rf1 Bxa3 42. f6 g5 43. hxg5 hxg5 44. Ne5 Rxd5 45. cxd5 b5 46. Nc6 a4
47. Rb1 Kf7 48. Nd4 Bc5 49. Nxb5 Ne4 50. Ra1 Nxf6 51. Rxa4 Nxd5 52. Rc4 Bf2 53.
Nd6+ Kg6 54. Ne4 Be1 55. Nxg5 Nf6 56. Nf3 Bf2 57. Ne5+ Kg7 58. Rc7+ Kg8 59. Rf7
Bd4 60. Rxf6 Bxe5 61. Re6 Ba1 62. Kg4 Kf7 63. Ra6 Bc3 64. Kf5 Kg7 65. g4 Bd4
66. g5 Kf7 67. Rd6 Ba1 68. Rd7+ Ke8 69. Rb7 Kf8 70. Kg6 Bc3 71. Kh7 Bd4 72. g6
Ba1 73. Rb8+ Ke7 74. g7 Bxg7 75. Kxg7 Kd7 1-0

[Event "Lichtenberger Sommer 2017"]
[Site "Berlin"]
[Date "2017.08.24"]
[Round "6.100"]
[White "Polatel, Nur"]
[Black "Toth, Hans-Jürgen"]
[Result "1-0"]
[WhiteElo "1355"]
[BlackElo "1546"]
[PlyCount "121"]
[EventDate "2017.??.??"]
[WhiteTeam "SC Zugzwang 95 (Berlin)"]
[BlackTeam "SF Zehdenick"]

1. e4 e6 2. d4 d5 3. e5 c5 4. Qg4 cxd4 5. Bd3 Nc6 6. Nf3 g6 7. O-O h5 8. Qh3
Bh6 9. Nbd2 Bf4 10. Re1 Bd7 11. Nb3 Bxc1 12. Raxc1 Qb6 13. Qh4 Nh6 14. Qf6 Rf8
15. h3 Nf5 16. Bxf5 exf5 17. Rcd1 Rc8 18. Ng5 Qd8 19. Nxd4 Nxd4 20. Rxd4 Rc6
21. Qxd8+ Kxd8 22. Rxd5 Rxc2 23. Red1 Rc7 24. e6 Ke7 25. exd7 Rd8 26. Nh7 Rcxd7
27. Rxd7+ Rxd7 28. Rxd7+ Kxd7 29. Ng5 f6 30. Nf3 Ke6 31. Kf1 g5 32. h4 g4 33.
Nd2 Kd5 34. Ke2 Kd4 35. Nb3+ Ke4 36. a4 f4 37. a5 b6 38. a6 f5 39. Nd2+ Kd4 40.
b3 b5 41. Nb1 b4 42. Kd2 Ke4 43. Ke2 f3+ 44. gxf3+ gxf3+ 45. Kd1 Kd3 46. Nd2
Kc3 47. Nxf3 Kxb3 48. Kc1 Ka2 49. Nd2 b3 50. Nc4 f4 51. Kd2 b2 52. Nxb2 Kxb2
53. Kd3 Kb3 54. Ke4 Kc4 55. Kxf4 Kb5 56. Kg5 Kxa6 57. f4 Kb6 58. f5 Kc6 59. f6
Kd7 60. Kg6 Ke8 61. Kg7 1-0

[Event "Lichtenberger Sommer 2017"]
[Site "Berlin"]
[Date "2017.08.24"]
[Round "6.101"]
[White "Fontaine, Constantin"]
[Black "Timm, Christian"]
[Result "0-1"]
[WhiteElo "1519"]
[BlackElo "1605"]
[PlyCount "126"]
[EventDate "2017.??.??"]
[WhiteTeam "SK Tempelhof 1931"]
[BlackTeam "SV Königsspringer"]

1. e4 e6 2. d4 Be7 3. c4 b6 4. Nc3 Bb7 5. Bd3 d6 6. Nf3 Nf6 7. O-O O-O 8. d5
Nbd7 9. Nd4 e5 10. Nf5 Re8 11. Qf3 Bf8 12. g4 Nc5 13. g5 Nfd7 14. Kh1 Nxd3 15.
Qxd3 Bc8 16. Nh6+ gxh6 17. gxh6 Qh4 18. Rg1+ Kh8 19. Qf3 Qf6 20. Qg3 Bxh6 21.
Bxh6 Qxh6 22. Nb5 Bb7 23. Nxc7 Rg8 24. Qf3 Rxg1+ 25. Rxg1 Rf8 26. Qf5 Bc8 27.
Rg3 Nf6 28. Qf3 Qf4 29. Qg2 Qxe4 30. Nb5 Qxg2+ 31. Kxg2 Ne4 32. Re3 f5 33. f3
Rg8+ 34. Kf1 a6 35. fxe4 axb5 36. cxb5 f4 37. Rc3 Bd7 38. Rc7 Bxb5+ 39. Kf2 Bd3
40. Rc6 Bxe4 41. Rxd6 Rg2+ 42. Kf1 Rxb2 43. Rd8+ Kg7 44. d6 Rd2 45. Ke1 Rd4 46.
d7 Kf7 47. Rb8 Rxd7 48. Rxb6 Bd5 49. Rb5 e4 50. a4 Ke6 51. a5 Rd6 52. Rb8 f3
53. Re8+ Kd7 54. Rh8 Rh6 55. a6 Rxa6 56. Rxh7+ Kd6 57. Rh6+ Be6 58. Kf2 Ra5 59.
Ke3 Ke5 60. h4 Ra3+ 61. Kf2 Ra2+ 62. Ke1 e3 63. Rh5+ Bf5 0-1

[Event "Lichtenberger Sommer 2017"]
[Site "Berlin"]
[Date "2017.08.24"]
[Round "6.102"]
[White "Hömke, Holger"]
[Black "Kossueva, Fatima"]
[Result "1-0"]
[WhiteElo "1540"]
[BlackElo "1410"]
[PlyCount "89"]
[EventDate "2017.??.??"]
[WhiteTeam "SK Zehlendorf"]
[BlackTeam "SC Friesen Lichtenberg"]

1. c4 Nf6 2. Nf3 g6 3. d4 Bg7 4. Nc3 d6 5. e4 Bg4 6. Be2 Bxf3 7. Bxf3 Nc6 8.
Be3 e5 9. d5 Ne7 10. Qd2 O-O 11. O-O Nd7 12. Be2 f5 13. f4 Nf6 14. fxe5 dxe5
15. exf5 gxf5 16. Bh6 Qe8 17. Qg5 Qg6 18. Qxg6 hxg6 19. Bxg7 Kxg7 20. Rad1 Rad8
21. b4 a6 22. a4 Rd7 23. a5 Rfd8 24. Na4 b6 25. Rfe1 Rb8 26. Rb1 bxa5 27. Nc5
Rd6 28. bxa5 Rxb1 29. Rxb1 Kf7 30. Rb7 c6 31. Rb6 Nc8 32. Rxc6 Rxc6 33. dxc6
Nd6 34. Nxa6 Nfe4 35. c5 Nc8 36. Bd3 Nc3 37. Kf2 Ke7 38. Nb4 Na4 39. Nd5+ Ke6
40. Nb6 Nxc5 41. Bc4+ Kd6 42. Nxc8+ Kxc6 43. Ne7+ Kc7 44. Nxg6 Ne4+ 45. Ke3 1-0

[Event "Lichtenberger Sommer 2017"]
[Site "Berlin"]
[Date "2017.08.24"]
[Round "6.103"]
[White "Paris, Gerhard"]
[Black "Geisler, Oliver"]
[Result "1-0"]
[WhiteElo "1486"]
[BlackElo "1556"]
[PlyCount "121"]
[EventDate "2017.??.??"]
[WhiteTeam "TSG Oberschöneweide"]
[BlackTeam "vereinslos"]

1. e4 e5 2. Nc3 Bc5 3. Nf3 Nc6 4. Bc4 Nf6 5. d3 d6 6. O-O Bg4 7. Nd5 Nxd5 8.
Bxd5 Rb8 9. Bg5 Qd7 10. c3 Ne7 11. Bb3 Be6 12. h3 O-O 13. d4 exd4 14. cxd4 Bxb3
15. Qxb3 Bb6 16. Be3 Qe6 17. Qxe6 fxe6 18. Ng5 Rf6 19. Rad1 c6 20. Rd3 Rbf8 21.
e5 dxe5 22. dxe5 Rf5 23. Nxe6 Re8 24. Bxb6 axb6 25. f4 Nd5 26. g4 Rf7 27. f5 g6
28. Ng5 Rfe7 29. e6 gxf5 30. Rxf5 h6 31. Ne4 Rxe6 32. Rdxd5 cxd5 33. Nf6+ Rxf6
34. Rxf6 Kg7 35. Rxb6 Rd8 36. Rxb7+ Kf6 37. Kf2 d4 38. Ke2 d3+ 39. Kd2 Rd6 40.
Rb5 Rd4 41. Rb3 Kg5 42. Rxd3 Rf4 43. Ke3 Rf1 44. Ke2 Rh1 45. a4 Rh2+ 46. Ke3
Rxb2 47. Kf3 Ra2 48. Rd4 Ra3+ 49. Kg2 Ra2+ 50. Kf3 Ra3+ 51. Ke4 Rxh3 52. Ke5
Ra3 53. Kd6 Kf6 54. Kc5 Ke5 55. Rb4 Rc3+ 56. Kb5 Kd5 57. a5 Rc5+ 58. Kb6 Rc6+
59. Kb7 Kc5 60. Rc4+ Kxc4 61. Kxc6 1-0

[Event "Lichtenberger Sommer 2017"]
[Site "Berlin"]
[Date "2017.08.24"]
[Round "6.104"]
[White "Kretzschmar, Gerald"]
[Black "Koerber, Bernhard"]
[Result "0-1"]
[WhiteElo "1360"]
[BlackElo "1574"]
[PlyCount "50"]
[EventDate "2017.??.??"]
[WhiteTeam "USV Halle"]
[BlackTeam "Lasker Steglitz-Wilmersdorf"]

1. Nf3 Nf6 2. c4 g6 3. d4 Bg7 4. Nc3 d5 5. c5 O-O 6. e3 Nc6 7. a3 a6 8. Bd3 Re8
9. O-O e5 10. Re1 e4 11. Ne5 exd3 12. Nf3 Bf5 13. Qd2 Ne4 14. Qxd3 Nxf2 15. Qd2
Nd3 16. Re2 Nxc1 17. Rxc1 Na5 18. b4 Nb3 19. Qb2 Nxc1 20. Qxc1 Bg4 21. Rf2 Bxf3
22. Rxf3 c6 23. Qf1 Re7 24. Na2 Qe8 25. Qf2 Bh6 0-1

[Event "Lichtenberger Sommer 2017"]
[Site "Berlin"]
[Date "2017.08.24"]
[Round "6.105"]
[White "Chung, Nicholas"]
[Black "Lange, Johannes Friedrich"]
[Result "1-0"]
[WhiteElo "1417"]
[BlackElo "1545"]
[PlyCount "111"]
[EventDate "2017.??.??"]
[WhiteTeam "TuS Makkabi Berlin"]
[BlackTeam "TSG Oberschöneweide"]

1. d3 e5 2. Nf3 Nc6 3. g3 d5 4. Bg2 Nf6 5. O-O Be7 6. Bg5 O-O 7. Nbd2 Bg4 8. c3
h6 9. Bxf6 Bxf6 10. Qc2 Re8 11. Rfe1 Qd7 12. Rad1 Rad8 13. e4 d4 14. c4 Nb4 15.
Qb1 c5 16. a3 Na6 17. Qc2 Nc7 18. Ra1 b6 19. b4 Rb8 20. Reb1 Ne6 21. b5 Ra8 22.
a4 Qb7 23. a5 Nc7 24. Nb3 Ne6 25. Nfd2 Rec8 26. f3 Bh5 27. Bh3 Rf8 28. Bxe6
fxe6 29. Nc1 Bg5 30. g4 Be3+ 31. Kg2 Bg6 32. Ncb3 Qe7 33. Nf1 Bf4 34. Ng3 Qg5
35. Rf1 h5 36. Qe2 h4 37. Nh1 h3+ 38. Kg1 Be3+ 39. Nf2 Qf4 40. Kh1 bxa5 41.
Nxh3 Qh6 42. Nf2 Qh4 43. Nd1 Bf4 44. Rf2 Qe7 45. Rxa5 Kf7 46. Qa2 Qc7 47. Ra6
Rh8 48. Rc6 Qe7 49. Rxc5 Rh3 50. Rg2 Qh4 51. Qf2 Qxf2 52. Nxf2 Rxf3 53. Rc7+
Kf6 54. Na5 Rh8 55. g5+ Bxg5 56. Ng4# 1-0

[Event "Lichtenberger Sommer 2017"]
[Site "Berlin"]
[Date "2017.08.24"]
[Round "6.107"]
[White "Plaza Reino, Leire"]
[Black "Kossueva, Aminat"]
[Result "0-1"]
[WhiteElo "1253"]
[BlackElo "1037"]
[PlyCount "74"]
[EventDate "2017.??.??"]
[WhiteTeam "Enniscorthy Chess Club"]
[BlackTeam "SC Friesen Lichtenberg"]

1. e4 c5 2. Nc3 Nc6 3. Bb5 g6 4. Bxc6 bxc6 5. f4 Bg7 6. Nf3 d6 7. d3 Bd7 8. Bd2
Nf6 9. O-O O-O 10. Qe1 Rb8 11. b3 Nh5 12. Be3 Re8 13. Rd1 Qa5 14. Na4 Qxe1 15.
Rdxe1 f5 16. exf5 Bxf5 17. h3 Nf6 18. g4 Bd7 19. Nc3 Nxg4 20. Ne4 Nxe3 21. Rxe3
Rf8 22. Kh2 Rxf4 23. Kg3 Rbf8 24. Neg5 e5 25. c4 R4f5 26. Ne4 d5 27. cxd5 cxd5
28. Nxc5 Bc8 29. Re2 Rh5 30. Rh2 Rf7 31. Re1 Re7 32. a4 Rc7 33. Rc1 e4 34. dxe4
dxe4 35. Ng1 Rhxc5 36. Rhc2 Rxc2 37. Rxc2 Rxc2 0-1

[Event "Lichtenberger Sommer 2017"]
[Site "Berlin"]
[Date "2017.08.24"]
[Round "6.108"]
[White "Lange, Christoph"]
[Black "Petersen, Sophie"]
[Result "0-1"]
[WhiteElo "1292"]
[BlackElo "1437"]
[PlyCount "96"]
[EventDate "2017.??.??"]
[WhiteTeam "TSG Oberschöneweide"]
[BlackTeam "SV Rüdersdorf"]

1. e4 c5 2. Nf3 d6 3. d4 cxd4 4. Nxd4 Nf6 5. Nc3 g6 6. Be3 Bg7 7. Bc4 O-O 8.
Qd2 Nc6 9. O-O-O Bd7 10. Bh6 Rc8 11. Bxg7 Kxg7 12. h3 Qb6 13. Na4 Qc7 14. Nc3
Nxd4 15. Qxd4 Qxc4 16. Qxc4 Rxc4 17. Rhe1 Bc6 18. f3 Nd7 19. Rd2 b5 20. a3 a5
21. Nd5 Bxd5 22. Rxd5 Rc5 23. Red1 Rfc8 24. R1d2 b4 25. a4 b3 26. c3 Nb6 27.
Rxc5 Rxc5 28. Rd4 Kf6 29. f4 d5 30. exd5 Rxd5 31. Rxd5 Nxd5 32. g3 Nb6 33. Kd2
Ke6 34. Kc1 Nxa4 35. Kb1 Kd5 36. Kc1 Ke4 37. Kb1 Kf3 38. Kc1 Kxg3 39. c4 Kxf4
40. Kd2 e5 41. Kd3 f5 42. h4 h5 43. Ke2 e4 44. Kd2 Kf3 45. Ke1 Ke3 46. Kd1 Kf2
47. Kd2 f4 48. c5 Nxc5 0-1

[Event "Lichtenberger Sommer 2017"]
[Site "Berlin"]
[Date "2017.08.25"]
[Round "7.1"]
[White "Radovanovic, Jovica"]
[Black "Stern, René"]
[Result "0-1"]
[WhiteElo "2357"]
[BlackElo "2499"]
[PlyCount "88"]
[EventDate "2017.??.??"]
[WhiteTeam "vereinslos"]
[BlackTeam "SK König Tegel"]

1. d4 Nf6 2. c4 e6 3. g3 d5 4. Bg2 Bb4+ 5. Bd2 Be7 6. Nf3 O-O 7. O-O c6 8. Qc2
b6 9. Bf4 Nbd7 10. Nbd2 Nh5 11. Be3 Bb7 12. Ne5 Nxe5 13. dxe5 d4 14. Bf4 g5 15.
Bxg5 Bxg5 16. f4 Be7 17. f5 exf5 18. Qxf5 Ng7 19. Qd3 f5 20. exf6 Bxf6 21. Be4
Bg5 22. Nf3 Qe7 23. Bxh7+ Kh8 24. Nxg5 Qxg5 25. Be4 Qe3+ 26. Qxe3 dxe3 27.
Rxf8+ Rxf8 28. Rd1 Ne6 29. Rd6 Nc5 30. Bf3 a5 31. b3 Kg7 32. h4 Rf7 33. Kg2 Rd7
34. Rxd7+ Nxd7 35. g4 a4 36. bxa4 Ne5 37. Kg3 Ba6 38. Kf4 Nxf3 39. Kxf3 Bxc4
40. a3 Be6 41. g5 Kg6 42. Kxe3 c5 43. Kf4 c4 44. e4 Kh5 0-1

[Event "Lichtenberger Sommer 2017"]
[Site "Berlin"]
[Date "2017.08.25"]
[Round "7.2"]
[White "Barath M"]
[Black "Kalka, Arkadius Georg"]
[Result "1-0"]
[WhiteElo "2285"]
[BlackElo "2323"]
[PlyCount "39"]
[EventDate "2017.??.??"]
[WhiteTeam "SC Zugzwang 95 (Berlin)"]
[BlackTeam "SC Hansa Dortmund"]

1. d4 g6 2. e4 Bg7 3. Nc3 d6 4. Be3 a6 5. Qd2 Nd7 6. h4 h5 7. Nh3 b5 8. a4 b4
9. Nd5 c5 10. dxc5 e6 11. Bd4 dxc5 12. Bxg7 Rh7 13. Ne3 Rxg7 14. Nc4 Ngf6 15.
Ng5 Kf8 16. O-O-O Kg8 17. Qd6 Ng4 18. Rd2 Qf6 19. f3 Nge5 20. Nxe5 1-0

[Event "Lichtenberger Sommer 2017"]
[Site "Berlin"]
[Date "2017.08.25"]
[Round "7.3"]
[White "Colpe, Malte"]
[Black "Sivri, Gorkem"]
[Result "0-1"]
[WhiteElo "2424"]
[BlackElo "2148"]
[PlyCount "162"]
[EventDate "2017.??.??"]
[WhiteTeam "Hamburger SK"]
[BlackTeam "Ordu Belediyespor"]

1. d4 Nf6 2. Nf3 e6 3. e3 b6 4. Bd3 Bb7 5. O-O Be7 6. c4 O-O 7. Nc3 Bb4 8. Bd2
Bxc3 9. Bxc3 Ne4 10. Be1 f5 11. Qc2 Ng5 12. Nxg5 Qxg5 13. f4 Qg6 14. Bb4 Rf7
15. Rae1 Be4 16. d5 a5 17. Ba3 d6 18. Bxe4 fxe4 19. Rd1 Nd7 20. Qa4 e5 21. Qc6
Rc8 22. b3 exf4 23. exf4 e3 24. Rde1 Re7 25. Re2 Nf8 26. f5 Qh5 27. Rf3 Rce8
28. Bb2 Nd7 29. Qa4 Kf7 30. Qa3 Qh6 31. Bd4 Re4 32. Qb2 Ne5 33. Bxe5 R8xe5 34.
Qc3 Qg5 35. h3 Rxf5 36. Rexe3 Rxe3 37. Qxe3 Qxe3+ 38. Rxe3 Rf4 39. Re2 Rd4 40.
Kf2 Rd1 41. Ke3 Kf6 42. Ke4 Kf7 43. Rb2 Ke7 44. Ke3 Kd7 45. Rf2 Ke7 46. Ke2 Ra1
47. Kd3 Re1 48. Kc3 Re3+ 49. Kb2 a4 50. Ka3 axb3 51. axb3 Rg3 52. Kb4 Kd7 53.
Ka4 Kc8 54. b4 Kb7 55. Kb5 Rg5 56. g4 c6+ 57. Ka4 cxd5 58. cxd5 Rxd5 59. Rf7+
Kc6 60. h4 b5+ 61. Kb3 Rd3+ 62. Kc2 Rd4 63. Rxg7 h5 64. gxh5 Rxb4 65. h6 Rxh4
66. h7 Rh3 67. Re7 Kc5 68. Rc7+ Kb4 69. Rd7 Rh2+ 70. Kd1 Kb3 71. Rxd6 Rh1+ 72.
Kd2 Rxh7 73. Rb6 b4 74. Rc6 Kb2 75. Rd6 Rc7 76. Rd8 b3 77. Rd6 Kb1 78. Rb6 b2
79. Rh6 Rc5 80. Rh8 Ra5 81. Rh1+ Ka2 0-1

[Event "Lichtenberger Sommer 2017"]
[Site "Berlin"]
[Date "2017.08.25"]
[Round "7.4"]
[White "Berger, Steve"]
[Black "Polatel, Ali"]
[Result "1-0"]
[WhiteElo "2412"]
[BlackElo "2221"]
[PlyCount "75"]
[EventDate "2017.??.??"]
[WhiteTeam "SK König Tegel"]
[BlackTeam "SC Zugzwang 95 (Berlin)"]

1. e4 c5 2. Nf3 g6 3. c4 Nc6 4. d4 cxd4 5. Nxd4 Nf6 6. Nc3 d6 7. Nc2 Bg7 8. Be2
O-O 9. Be3 Nd7 10. Qd2 Nc5 11. f3 f5 12. exf5 Bxf5 13. Nd4 Nxd4 14. Bxd4 Bxd4
15. Qxd4 e5 16. Qd5+ Be6 17. Qd2 Rf4 18. O-O-O Qa5 19. Qxd6 Rd4 20. Rxd4 exd4
21. Ne4 Qxa2 22. Nxc5 Qa1+ 23. Kc2 Bf5+ 24. Kb3 Qxh1 25. Qd5+ Kf8 26. Qd6+ Kg8
27. g4 Re8 28. Qd5+ Kg7 29. Qxd4+ Kf7 30. gxf5 Rxe2 31. Qd5+ Kg7 32. Ne6+ Kh6
33. Ka2 Qxh2 34. Qd4 Re5 35. Qd7 Ra5+ 36. Kb3 Qe5 37. Qd2+ Kh5 38. Qg5# 1-0

[Event "Lichtenberger Sommer 2017"]
[Site "Berlin"]
[Date "2017.08.25"]
[Round "7.5"]
[White "Behrmann, Joachim"]
[Black "Schneider, Christian"]
[Result "1-0"]
[WhiteElo "2206"]
[BlackElo "2215"]
[PlyCount "49"]
[EventDate "2017.??.??"]
[WhiteTeam "SK Zehlendorf"]
[BlackTeam "SG Stadtilm"]

1. d4 Nf6 2. c4 e6 3. Nc3 Bb4 4. f3 c5 5. d5 d6 6. e4 O-O 7. Nge2 exd5 8. cxd5
Re8 9. Ng3 Bxc3+ 10. bxc3 Qa5 11. Bd2 Nbd7 12. c4 Qc7 13. Be2 b5 14. cxb5 a6
15. O-O axb5 16. Bxb5 Ba6 17. Bxa6 Rxa6 18. Bc3 Rea8 19. Rf2 Ne8 20. Nf5 Ra4
21. Rb2 Ne5 22. Bxe5 dxe5 23. d6 Qa5 24. d7 Nf6 25. Ne7+ 1-0

[Event "Lichtenberger Sommer 2017"]
[Site "Berlin"]
[Date "2017.08.25"]
[Round "7.6"]
[White "Ahmadinia, Ebrahim"]
[Black "Di Candia, Roberto"]
[Result "1-0"]
[WhiteElo "2398"]
[BlackElo "1918"]
[PlyCount "64"]
[EventDate "2017.??.??"]
[WhiteTeam "SF 1903 Berlin"]
[BlackTeam "SF 1903 Berlin"]

1. e4 c5 2. Nf3 g6 3. c3 Bg7 4. d4 cxd4 5. cxd4 d5 6. e5 Bg4 7. Bb5+ Nd7 8. Nc3
a6 9. Bd3 e6 10. h3 Bxf3 11. Qxf3 Ne7 12. O-O Nc6 13. Ne2 O-O 14. Qg4 Qb6 15.
Rd1 Rac8 16. a3 Qb3 17. Bg5 h6 18. Bf4 g5 19. Bg3 Bxe5 20. Bxe5 Ncxe5 21. dxe5
Nxe5 22. Qd4 Nxd3 23. Rxd3 Qc4 24. Qe3 Qe4 25. Qxe4 dxe4 26. Rd2 f5 27. Rad1
Rc7 28. Rd7 Rf7 29. R7d6 Rfe7 30. Nc3 Kf7 31. g4 Rc6 32. Rxc6 bxc6 1-0

[Event "Lichtenberger Sommer 2017"]
[Site "Berlin"]
[Date "2017.08.25"]
[Round "7.7"]
[White "Heinig, Wolfram"]
[Black "Slepuschkin, Shenis"]
[Result "0-1"]
[WhiteElo "2328"]
[BlackElo "2169"]
[PlyCount "75"]
[EventDate "2017.??.??"]
[WhiteTeam "SK Zehlendorf"]
[BlackTeam "SG NARVA Berlin"]

1. d4 d6 2. Nf3 Nf6 3. g3 g6 4. Bg2 Bg7 5. O-O O-O 6. c4 c6 7. Nc3 Qa5 8. d5
cxd5 9. cxd5 b5 10. Nd4 a6 11. a3 Qb6 12. h3 Bb7 13. Be3 Qd8 14. Rc1 Re8 15. b4
Qd7 16. Qb3 Nh5 17. a4 Bxd4 18. Bxd4 e5 19. dxe6 fxe6 20. axb5 Bxg2 21. Kxg2
axb5 22. Ne4 d5 23. Nc5 Qf7 24. f4 Na6 25. Be5 Nf6 26. Nxa6 Rxa6 27. Rc7 Re7
28. Rc8+ Ne8 29. g4 h5 30. Qd3 Kh7 31. Qxb5 Ra3 32. Rf3 Ra2 33. Qd3 Rea7 34.
gxh5 Kh6 35. hxg6 Qg8 36. f5 R2a3 37. Qb5 exf5 38. Rxa3 0-1

[Event "Lichtenberger Sommer 2017"]
[Site "Berlin"]
[Date "2017.08.25"]
[Round "7.8"]
[White "Amelang, Thomas"]
[Black "Florstedt, Johannes"]
[Result "0-1"]
[WhiteElo "2178"]
[BlackElo "2232"]
[PlyCount "126"]
[EventDate "2017.??.??"]
[WhiteTeam "Münchener SC"]
[BlackTeam "SF 1903 Berlin"]

1. e4 e5 2. Nf3 Nc6 3. Bb5 a6 4. Ba4 Nge7 5. O-O g6 6. d4 exd4 7. Nxd4 Bg7 8.
c3 O-O 9. Nxc6 Nxc6 10. Be3 d6 11. Nd2 Ne5 12. h3 f5 13. exf5 Bxf5 14. Nf3 Bd3
15. Nxe5 dxe5 16. Re1 e4 17. Qg4 Kh8 18. Qd7 b5 19. Qxd8 Rfxd8 20. Bb3 a5 21.
a3 a4 22. Be6 h5 23. f3 Rd6 24. Ba2 b4 25. Rac1 exf3 26. gxf3 b3 27. Bb1 Bxb1
28. Rxb1 Rad8 29. Bf4 Rd3 30. Kf2 Rf8 31. Re4 Rd5 32. Ke2 Rdf5 33. Bxc7 Rxf3
34. Bb6 Rxh3 35. Rxa4 Rh2+ 36. Kd3 Rf3+ 37. Kc4 Rh4+ 38. Kxb3 Rxa4 39. Kxa4 h4
40. Kb4 h3 41. Bc7 Rf2 42. Kb3 g5 43. a4 Rf7 44. Bh2 Rf2 45. Rh1 g4 46. a5 Bh6
47. Be5+ Kh7 48. Bd4 Rf8 49. a6 Kg6 50. Kc4 Kh5 51. a7 Kh4 52. Be5 Bf4 53. Bf6+
Kg3 54. Rg1+ Kf3 55. Rf1+ Ke2 56. Rxf4 h2 57. Re4+ Kd1 58. Rd4+ Kc2 59. Bg5
h1=Q 60. Rd2+ Kb1 61. b4 Qf1+ 62. Kb3 Qf7+ 63. c4 Qf3+ 0-1

[Event "Lichtenberger Sommer 2017"]
[Site "Berlin"]
[Date "2017.08.25"]
[Round "7.9"]
[White "Vogel, Robert"]
[Black "Förster, Jonas"]
[Result "1/2-1/2"]
[WhiteElo "2154"]
[BlackElo "2330"]
[PlyCount "62"]
[EventDate "2017.??.??"]
[WhiteTeam "SG Pang-Rosenheim"]
[BlackTeam "SV Empor Berlin"]

1. d4 Nf6 2. c4 e6 3. Nc3 c5 4. d5 exd5 5. cxd5 d6 6. e4 g6 7. Bd3 Bg7 8. h3
O-O 9. Nf3 Na6 10. O-O Nc7 11. a4 b6 12. Re1 Re8 13. Bf4 Nh5 14. Bh2 Bh6 15. e5
dxe5 16. Nxe5 Bf4 17. Bxf4 Nxf4 18. Qf3 Qg5 19. Nxf7 Kxf7 20. Ne4 Qe5 21. d6
Kg7 22. dxc7 Bb7 23. Bc2 Qxc7 24. Qc3+ Qe5 25. Nd6 Qxc3 26. Nxe8+ Rxe8 27. bxc3
Re2 28. Bb3 Kf6 29. Rac1 Rb2 30. Bc4 Bxg2 31. Re8 Bxh3 1/2-1/2

[Event "Lichtenberger Sommer 2017"]
[Site "Berlin"]
[Date "2017.08.25"]
[Round "7.10"]
[White "Hesse, Henrik"]
[Black "Petersen, Soren Boeck"]
[Result "1-0"]
[WhiteElo "2124"]
[BlackElo "2226"]
[PlyCount "73"]
[EventDate "2017.??.??"]
[WhiteTeam "SV Mattnetz Berlin"]
[BlackTeam "Damhus Skakklub"]

1. c4 e5 2. g3 Nf6 3. Bg2 d5 4. cxd5 Nxd5 5. Nc3 Nb6 6. Nf3 Nc6 7. d3 Be7 8.
O-O O-O 9. a3 Be6 10. Be3 a5 11. Na4 Nd5 12. Bc5 b5 13. Bxe7 Qxe7 14. Rc1 Ra6
15. Nc5 Rb6 16. Nxe6 Qxe6 17. Rc5 Rd8 18. Ng5 Qe7 19. Bxd5 Qxc5 20. Bxf7+ Kh8
21. Ba2 Rd7 22. Qb3 Rb8 23. Qe6 Qd6 24. Qxd6 cxd6 25. Nf7+ Rxf7 26. Bxf7 g6 27.
Rc1 Nd4 28. Kf1 Rb6 29. Bd5 Kg7 30. Rc7+ Kf6 31. h4 Ne6 32. Rxh7 b4 33. g4 e4
34. dxe4 bxa3 35. bxa3 Nf4 36. g5+ Ke5 37. Re7+ 1-0

[Event "Lichtenberger Sommer 2017"]
[Site "Berlin"]
[Date "2017.08.25"]
[Round "7.11"]
[White "Brustkern, Jürgen"]
[Black "Schliebener, Stephan"]
[Result "1-0"]
[WhiteElo "2255"]
[BlackElo "2126"]
[PlyCount "89"]
[EventDate "2017.??.??"]
[WhiteTeam "SC Zugzwang 95 (Berlin)"]
[BlackTeam "BSV 63 Chemie Weißensee"]

1. e4 g6 2. d4 Bg7 3. Nc3 c6 4. Be3 b5 5. Qd2 d6 6. O-O-O a6 7. h4 Nf6 8. f3 h5
9. Kb1 Qc7 10. Be2 Nbd7 11. Nh3 Nb6 12. Rc1 Nc4 13. Bxc4 bxc4 14. Nf2 Rb8 15.
Rcg1 Nd7 16. Ka1 Qb7 17. Rb1 a5 18. g4 Qa6 19. Ne2 a4 20. a3 hxg4 21. fxg4 Nf6
22. Rbg1 Qb7 23. c3 Bf8 24. h5 gxh5 25. g5 Nd7 26. Nf4 e5 27. Nxh5 Rg8 28. Nf6+
Nxf6 29. gxf6 Rxg1+ 30. Rxg1 exd4 31. Bxd4 Be6 32. Rg8 Kd7 33. Bc5 Qc7 34. Qd1
Rd8 35. e5 Kc8 36. exd6 Qa5 37. d7+ Rxd7 38. Rxf8+ Kc7 39. Bd4 Rd5 40. Qf3 Kd7
41. Qf4 c5 42. Be3 Rd6 43. Ne4 Rd1+ 44. Ka2 Qb5 45. Nxc5+ 1-0

[Event "Lichtenberger Sommer 2017"]
[Site "Berlin"]
[Date "2017.08.25"]
[Round "7.12"]
[White "Sieglen, Joachim"]
[Black "Albrecht, Rainer"]
[Result "1-0"]
[WhiteElo "2228"]
[BlackElo "2047"]
[PlyCount "47"]
[EventDate "2017.??.??"]
[WhiteTeam "SC Untergrombach"]
[BlackTeam "SC Kreuzberg"]

1. d4 e6 2. c4 d5 3. Nf3 Nf6 4. g3 Bb4+ 5. Bd2 Bd6 6. Bg2 c6 7. O-O O-O 8. Nc3
dxc4 9. e4 Be7 10. a4 a5 11. Qe2 b6 12. Rad1 Ba6 13. Bg5 b5 14. d5 b4 15. d6
Bxd6 16. e5 bxc3 17. bxc3 Ra7 18. Rxd6 Qc7 19. Bxf6 gxf6 20. Rfd1 Qe7 21. exf6
Qxf6 22. Qe3 Rb7 23. Nd2 Rd7 24. Rxd7 1-0

[Event "Lichtenberger Sommer 2017"]
[Site "Berlin"]
[Date "2017.08.25"]
[Round "7.13"]
[White "Ros Alonso, Jaume"]
[Black "Heuser, Philip"]
[Result "1/2-1/2"]
[WhiteElo "2119"]
[BlackElo "2041"]
[PlyCount "99"]
[EventDate "2017.??.??"]
[WhiteTeam "Sant Boi de Llobregat"]
[BlackTeam "Münchener SC"]

1. e4 c6 2. d4 d5 3. Nc3 dxe4 4. Nxe4 Nd7 5. Ng5 Ngf6 6. Bd3 e6 7. N1f3 Bd6 8.
Qe2 h6 9. Ne4 Nxe4 10. Qxe4 Nf6 11. Qe2 Qc7 12. Bd2 b6 13. O-O-O Bb7 14. Kb1
O-O-O 15. Rhe1 c5 16. Ba6 Kb8 17. Bxb7 Kxb7 18. a4 c4 19. a5 Rc8 20. Ne5 Bxe5
21. dxe5 Nd5 22. Qf3 bxa5 23. Bc3 Rhd8 24. Rd2 Rd7 25. Red1 Rcd8 26. Bd4 Qc6
27. Qa3 Qb5 28. Bc5 Rc8 29. Bd6 c3 30. Rd3 Qxb2+ 31. Qxb2+ cxb2 32. Kxb2 Rc4
33. Rd4 Rxd4 34. Rxd4 g6 35. c4 Nb4 36. Rd2 Kc6 37. Kc3 h5 38. f4 Rb7 39. g3
Rd7 40. Kb3 Na6 41. Ra2 Nc5+ 42. Bxc5 Kxc5 43. Rxa5+ Kb6 44. Rb5+ Kc6 45. Kc3
Rb7 46. Kb4 Rd7 47. Rc5+ Kb7 48. Rb5+ Kc6 49. Rc5+ Kb7 50. Rb5+ 1/2-1/2